Statistiques concernant Villes hôtes de l'Exposition Universelle

Cliquez ici pour prendre le quiz!

Statistiques générales

  • Ce quiz a été pris 117 fois
    (111 depuis la dernière actualisation)
  • Le résultat moyen est 44 sur 85

Statistiques - réponses

AnnéesVilles% Correct
1855Paris
100%
1937Paris
100%
1867Paris
100%
1900Paris
100%
1889Paris
100%
1878Paris
100%
1881Paris
100%
1851Londres
96%
1862Londres
96%
1964New York
96%
1853New York
96%
1940New York
96%
1957Berlin
95%
1953Rome
90%
1929Barcelone
89%
1888Barcelone
89%
1906Milan
86%
1958Bruxelles
82%
1910Bruxelles
82%
1935Bruxelles
82%
1897Bruxelles
82%
1908Marseille
79%
1965Munich
76%
1879Sydney
74%
1873Vienne
74%
1998Lisbonne
72%
1894Lyon
72%
1872Lyon
72%
1914Lyon
72%
1967Montréal
72%
1949Stockholm
72%
1936Stockholm
72%
1933Chicago
70%
1893Chicago
70%
1911Turin
69%
1955Turin
69%
1961Turin
69%
2010Shanghai
68%
1880Melbourne
63%
1891Prague
62%
1992Séville
62%
1971Budapest
61%
1954Naples
61%
1915San Francisco
61%
1951Lille
59%
1986Vancouver
59%
1938Helsinki
57%
1930Anvers
50%
1894Anvers
50%
1885Anvers
50%
1970Osaka
44%
1962Seattle
41%
1887Toulouse
41%
1930Liège
39%
1905Liège
39%
1939Liège
39%
1876Philadelphie
35%
1988Brisbane
27%
2000Hanovre
27%
1904Saint Louis
27%
1992Gênes
23%
1913Gand
21%
1953Jerusalem
17%
1911Charleroi
16%
2008Saragosse
16%
1925Grenoble
15%
1984La Nouvelle Orléans
15%
1861Metz
11%
1909Nancy
10%
1968San Antonio
7%
1949Port au Prince
6%
1860Besançon
4%
1911Roubaix
4%
1985Tsukuba
4%
2005Aichi
3%
1956Beit Dagan
3%
1993Daejeon
3%
1982Knoxville
3%
1975Okinawa
3%
1985Plovdiv
3%
1991Plovdiv
3%
1981Plovdiv
3%
2012Yeosu
3%
1955Helsinborg
2%
1974Spokane
2%

Distribution des résultats

Percentile par nombre de réponses

% des personnes avec chaque résultat

Votre développement - résultats

Vous n’avez pas pris ce quiz depuis la dernière actualisation